000 00413nam a22001337a 4500
040 _cNUST
082 _a200 THE
100 _aAmna Shahid
_984346
110 _aSupervisor Dr. Muhammad Usman Akram
_984347
245 _aTH-SOF-1876-Image Popularity Prediction (IPP) Over Time Using Machine Learning Techniques
260 _aNUST:
_bNUST COLLEGE OF EME,
_c2021.
650 _aMS-CSE-19
_984348
942 _2ddc
_cTHE
999 _c586818
_d586818